Valoracion de vallejo /

Guardado en:
Autor Principal: Yurkievich, Saul
Formato: Libro
Publicado: Resistencia : Universidad Nacional Del Nordeste, 0
Materias:
Etiquetas: Agregar Etiqueta
Sin Etiquetas, Sea el primero en etiquetar este registro!
LEADER 00550nam a22001575a 4500
001 EHU.bham019521
003 AR-BHAM
005 20101117172748.0
008 130507b######################000#0#####d
082 P E |a 861.007 
100 1 |a Yurkievich, Saul 
245 1 0 |a Valoracion de vallejo /  |c Saul Yurkievich 
260 |a Resistencia :  |b Universidad Nacional Del Nordeste, 0 
653 |a Poesia peruana-ensayos 
859 |a AR-BHAM  |b BIB. HUMANIDADES - General  |h PE861.007  |i Y92  |k PE  |p 47.59  |t Ej.1 
859 |a AR-BHAM  |b BIB. HUMANIDADES - General  |h PE861.007  |i Y92  |k PE  |p 706.62  |t Ej.1